00574nam a2200205 a 4500001001300000003000900013005001700022008004100039020000900080082002100089100003000110245006800140260002500208300000900233500003500242505001300277650001600290650003200306700003000338nice12345678IN_TiNIC20260116012314.0050524s1987 dela grp 000 0 eng  ac3000a306.0899145bAYR aAyrookuzhiel, A M Abraham aSwami Anand Thirthb Untouchability: Gandhian Solution on Trial aDelhi bISPCK c1987 a144p aincludes index and biblioraphy2 aAppendix aCaste-India aSwami Anand Tirth-Biography1 aAyrookuzhiel, A M Abraham